| 000 | 00721nam a2200241Ia 4500 | ||
|---|---|---|---|
| 003 | OSt | ||
| 005 | 20220926022802.0 | ||
| 006 | a|||||r|||| 00| 0 | ||
| 007 | ta | ||
| 008 | 220923b |||||||| |||| 00| 0 eng d | ||
| 037 | _cGeneral Book | ||
| 040 |
_aRTL _cRTL _beng |
||
| 041 |
_2eng _aeng |
||
| 082 | _aX:86:(D6,9(B), L9;N2 | ||
| 100 |
_aKerzner Harold _9312332 |
||
| 245 | 0 |
_aProject management _b A systems approach to plannin |
|
| 250 | _a4th | ||
| 260 |
_aNew York _bVan Nostrand USA _c1992 |
||
| 300 |
_axv, 1023p. Bib p 1001-16 ; Appendix p 967-1000 _ccm. |
||
| 650 | _aTop Management | ||
| 942 |
_hX:86:(D6,9(B), L9;N2 _cGB _2CC |
||
| 999 |
_c640280 _d640280 |
||